Welcome to CU Library Online Public Access Catalogue (OPAC)

Fundamentals of cognitive psychology / (Record no. 4386)

MARC details
000 -LEADER
fixed length control field 00851cam a2200253 a 4500
001 - CONTROL NUMBER
control field 1090800
005 - DATE AND TIME OF LATEST TRANSACTION
control field 20250226180110.0
008 - FIXED-LENGTH DATA ELEMENTS--GENERAL INFORMATION
fixed length control field 920220s1993 wiua b 001 0 eng
020 ## - INTERNATIONAL STANDARD BOOK NUMBER
International Standard Book Number 0697105431
050 00 - LIBRARY OF CONGRESS CALL NUMBER
Classification number BF371
Item number .E525 1993
082 00 - DEWEY DECIMAL CLASSIFICATION NUMBER
Classification number 153
Edition information 20
100 1# - MAIN ENTRY--PERSONAL NAME
Personal name Ellis, Henry C.
Fuller form of name (Henry Carlton),
Titles and words associated with a name 1927-
245 10 - TITLE STATEMENT
Title Fundamentals of cognitive psychology /
Statement of responsibility, etc. Henry C. Ellis, R. Reed Hunt.
250 ## - EDITION STATEMENT
Edition statement 5th ed.
260 ## - PUBLICATION, DISTRIBUTION, ETC.
Place of publication, distribution, etc. Madison, Wis. :
Name of publisher, distributor, etc. Brown & Benchmark,
Date of publication, distribution, etc. c1993..
300 ## - PHYSICAL DESCRIPTION
Extent xxii, 409 p. :
Other physical details ill. ;
Dimensions 23 cm.
500 ## - GENERAL NOTE
General note Rev. ed. of: Fundamentals of human memory and cognition. 4th ed. 1989.
650 #0 - SUBJECT ADDED ENTRY--TOPICAL TERM
Topical term or geographic name entry element Memory.
650 #0 - SUBJECT ADDED ENTRY--TOPICAL TERM
Topical term or geographic name entry element Cognition.
650 #0 - SUBJECT ADDED ENTRY--TOPICAL TERM
Topical term or geographic name entry element Cognitive psychology.
700 1# - ADDED ENTRY--PERSONAL NAME
Personal name Hunt, R. Reed.
700 1# - ADDED ENTRY--PERSONAL NAME
Personal name Ellis, Henry C.
Fuller form of name (Henry Carlton),
Dates associated with a name 1927-.
Title of a work Fundamentals of human memory and cognition
942 ## - ADDED ENTRY ELEMENTS (KOHA)
Source of classification or shelving scheme Library of Congress Classification
Koha item type Books
Suppress in OPAC No
999 ## -
-- 4386
-- 4386
Holdings
Withdrawn status Lost status Source of classification or shelving scheme Damaged status Not for loan Collection Home library Current library Shelving location Date acquired Total checkouts Full call number Barcode Date last seen Copy number Price effective from Koha item type
    Library of Congress Classification     Non-fiction Business Library (Miotso) Business Library (Miotso) General stacks 02/26/2025   BF371 ELL BSSM00001030 02/26/2025 1 02/26/2025 Books
    Library of Congress Classification     Non-fiction Business Library (Miotso) Business Library (Miotso) General stacks 03/17/2025   BF371 ELL BSSM00001462 03/17/2025 2 03/17/2025 Books
© 2023-2024 Copyright: Central University Libraries. All Rights Reserved | Created by: Mahone Tech Office